[Event "SR 4. liga A21 2015/2016"]
[Site "?"]
[Date "2016.01.10"]
[Round "6.1"]
[White "Ulehla, Jakub"]
[Black "Kastler, Peter"]
[Result "1-0"]
[WhiteElo "1687"]
[BlackElo "1761"]
[PlyCount "125"]
[EventDate "2015.??.??"]

1. e4 e6 2. d4 d5 3. Nd2 dxe4 4. Nxe4 Nd7 5. Nf3 Ngf6 6. Nxf6+ Nxf6 7. Bd3 Be7
8. O-O O-O 9. Re1 b6 10. c3 Bb7 11. Bg5 Re8 12. Qe2 c6 13. Rad1 Qc7 14. Ne5
Rad8 15. Bc4 Nd5 16. Bxe7 Rxe7 17. Bd3 Nf4 18. Qg4 Nxd3 19. Rxd3 f6 20. Nf3 Bc8
21. Qh5 Rd5 22. Qh4 Qd7 23. Rde3 Qe8 24. Qg3 Rdd7 25. R3e2 Rd5 26. h4 c5 27.
Qf4 Bb7 28. Nd2 Qg6 29. Rxe6 Rxe6 30. Qb8+ Qe8 31. Qxe8+ Rxe8 32. Rxe8+ Kf7 33.
Rb8 Rd7 34. dxc5 bxc5 35. Nb3 c4 36. Na5 Bd5 37. Rc8 Be6 38. Rc5 Ke7 39. Nxc4
Bxc4 40. Rxc4 Rd1+ 41. Kh2 Kd6 42. Kg3 Re1 43. Kf3 Re7 44. Re4 Rb7 45. b3 Rb5
46. Ke2 Ra5 47. Ra4 Re5+ 48. Kd3 Re7 49. c4 Kc6 50. b4 Kb6 51. Kc3 g6 52. c5+
Kb5 53. Ra5+ Kc6 54. Kd4 Rd7+ 55. Kc4 Rd1 56. b5+ Kb7 57. c6+ Ka8 58. b6 Rc1+
59. Kd5 Rd1+ 60. Ke6 Rb1 61. Rxa7+ Kb8 62. c7+ Kc8 63. Ra8+ 1-0

[Event "SR 4. liga A21 2015/2016"]
[Site "?"]
[Date "2016.01.10"]
[Round "6.1"]
[White "Papanek, Lubomir"]
[Black "Drozd, Jan"]
[Result "1/2-1/2"]
[WhiteElo "1675"]
[BlackElo "1560"]
[PlyCount "108"]
[EventDate "2015.??.??"]

1. e4 c5 2. Nf3 d6 3. d4 cxd4 4. Nxd4 Nf6 5. Nc3 a6 6. Be3 Nc6 7. Be2 e5 8. Nb3
Be6 9. f3 Be7 10. O-O O-O 11. Nd5 Bxd5 12. exd5 Nb8 13. c4 Nbd7 14. Nd2 Rc8 15.
b3 Nc5 16. Bxc5 Rxc5 17. Ne4 Rc8 18. Bd3 b5 19. Qe2 Qb6+ 20. Kh1 bxc4 21. bxc4
a5 22. Rab1 Qc7 23. g4 Nxe4 24. Qxe4 g6 25. Rb5 Rb8 26. Rfb1 Rxb5 27. Rxb5 Rb8
28. a4 Bd8 29. Qe3 Be7 30. Qg1 Bd8 31. Kg2 Rxb5 32. axb5 Qb6 33. Qxb6 Bxb6 34.
Bc2 g5 35. Kg3 Kg7 36. h4 h6 37. h5 f6 38. Kg2 Bc5 39. Kf1 Kf8 40. Ke2 Ke7 41.
Kd3 Kd7 42. Ke4 Ke7 43. Kf5 Kf7 44. Bb3 Bb6 45. Ba4 Bc5 46. Ke4 Bb6 47. Kd3 Ke7
48. Bc2 Kf8 49. Kc3 Ke7 50. Bg6 Kd7 51. Kb3 Kc7 52. Ka4 Kd7 53. Bf5+ Kc7 54.
Bd3 Kd7 1/2-1/2

[Event "SR 4. liga A21 2015/2016"]
[Site "?"]
[Date "2016.01.10"]
[Round "6.2"]
[White "Lanik, Miroslav"]
[Black "Sobek, Michal"]
[Result "1/2-1/2"]
[WhiteElo "1893"]
[BlackElo "1931"]
[PlyCount "62"]
[EventDate "2015.??.??"]

1. e4 e5 2. d4 exd4 3. Qxd4 Nc6 4. Qe3 g6 5. Nc3 Bg7 6. Bd2 d6 7. O-O-O Be6 8.
Kb1 Nge7 9. f3 Qd7 10. Nge2 f5 11. Nf4 Bh6 12. Qe1 Bf7 13. Nfd5 Bxd2 14. Rxd2
O-O-O 15. Bb5 Qe6 16. Nxe7+ Nxe7 17. Re2 f4 18. Qf2 Kb8 19. Ba4 Qe5 20. Bb3
Bxb3 21. axb3 Nc6 22. Rd1 Qh5 23. Qg1 g5 24. h3 Qh4 25. Qe1 Rhg8 26. Nd5 Rdf8
27. Qc3 Rf7 28. Nb4 Ne5 29. Nd3 Nxd3 30. Qxd3 h5 31. e5 Rd7 1/2-1/2

[Event "SR 4. liga A21 2015/2016"]
[Site "?"]
[Date "2016.01.10"]
[Round "6.2"]
[White "Nemeckay, Rastislav"]
[Black "Kubik, Peter"]
[Result "1-0"]
[WhiteElo "2003"]
[BlackElo "1838"]
[PlyCount "81"]
[EventDate "2015.??.??"]

1. e4 d5 2. exd5 Qxd5 3. Nc3 Qa5 4. d4 Nf6 5. Nf3 Bg4 6. Be2 Nc6 7. h3 Bf5 8.
Bd3 O-O-O 9. O-O e6 10. Ne2 h6 11. c3 Bxd3 12. Qxd3 Bd6 13. b4 Qh5 14. Ng3 Bxg3
15. fxg3 e5 16. g4 e4 17. gxh5 exd3 18. b5 Na5 19. Ne5 Rd5 20. Nxd3 Rxb5 21.
Ne5 Nxh5 22. Rxf7 g5 23. Kf2 Rb6 24. Ba3 Rf6+ 25. Rxf6 Nxf6 26. Bb4 Nc6 27.
Nxc6 bxc6 28. Re1 Nd5 29. g3 Nxb4 30. cxb4 Kd7 31. Re5 Rb8 32. a3 Rb5 33. Ke3
Kd6 34. Ke4 Rd5 35. Rxd5+ cxd5+ 36. Kf5 Kc6 37. a4 Kb6 38. Kg6 c6 39. Kxh6 a5
40. bxa5+ Kxa5 41. Kxg5 1-0

[Event "SR 4. liga A21 2015/2016"]
[Site "?"]
[Date "2016.01.10"]
[Round "6.2"]
[White "Tokos, Rastislav"]
[Black "Celustkova, Lubica"]
[Result "1/2-1/2"]
[WhiteElo "1822"]
[BlackElo "1689"]
[PlyCount "69"]
[EventDate "2015.??.??"]

1. e4 c5 2. Nf3 Nc6 3. d4 cxd4 4. Nxd4 g6 5. Be3 Bg7 6. Nc3 Nf6 7. Be2 O-O 8.
Qd2 d5 9. exd5 Nxd5 10. Nxc6 bxc6 11. Bd4 Nxc3 12. Bxc3 Qxd2+ 13. Kxd2 Rd8+ 14.
Bd3 Bh6+ 15. Ke2 c5 16. Rad1 Bb7 17. f3 a5 18. h4 Bg7 19. Bxg7 Kxg7 20. h5 g5
21. h6+ Kg8 22. Bc4 Rd4 23. Rxd4 cxd4 24. Rh5 Ba6 25. Rxg5+ Kh8 26. Kd3 f6 27.
Bxa6 fxg5 28. Bc4 Rb8 29. b3 Rb6 30. Kxd4 Rxh6 31. Kc5 Rh2 32. Bf1 Rh1 33. Bd3
Re1 34. g4 h6 35. Kd4 1/2-1/2

[Event "SR 4. liga A21 2015/2016"]
[Site "?"]
[Date "2016.01.10"]
[Round "6.2"]
[White "Klimes, Karel"]
[Black "Huska, Branislav"]
[Result "1/2-1/2"]
[WhiteElo "1683"]
[BlackElo "1797"]
[PlyCount "59"]
[EventDate "2015.??.??"]

1. e4 c5 2. Nf3 d6 3. c3 Nf6 4. Bd3 Nc6 5. Bc2 Bg4 6. d3 e6 7. Bg5 Be7 8. Nbd2
O-O 9. O-O Qc7 10. Qe1 e5 11. Qe3 Be6 12. h3 d5 13. Bxf6 Bxf6 14. exd5 Bxd5 15.
Qxc5 Be6 16. Ne4 Be7 17. Qe3 f6 18. Nc5 Bxc5 19. Qxc5 Rfd8 20. Rfe1 Bf7 21. Qe3
Rd7 22. Bb3 Bxb3 23. axb3 Rad8 24. Rad1 Rd6 25. Rd2 Qd7 26. Red1 Na5 27. Ne1
Nxb3 28. Re2 b6 29. f4 Nc5 30. fxe5 1/2-1/2

[Event "SR 4. liga A21 2015/2016"]
[Site "?"]
[Date "2016.01.10"]
[Round "6.2"]
[White "Lauko, Tomas"]
[Black "Wallner, Juraj"]
[Result "1-0"]
[WhiteElo "1693"]
[BlackElo "1534"]
[PlyCount "105"]
[EventDate "2015.??.??"]

1. e4 c5 2. Nf3 Nc6 3. Bc4 e6 4. Nc3 Nf6 5. Bb5 a6 6. Bxc6 bxc6 7. O-O d5 8. d3
Be7 9. Re1 O-O 10. b3 Qc7 11. Na4 Bb7 12. c4 Rad8 13. e5 Nd7 14. Ba3 Rfe8 15.
Rc1 d4 16. Qe2 Qa5 17. Qd2 Qc7 18. Re4 f5 19. exf6 Nxf6 20. Rxe6 Bc8 21. Ree1
Qa7 22. Qg5 Nd5 23. Qh5 Nf4 24. Bxc5 Qb7 25. Rxe7 Nxh5 26. Rxb7 Bxb7 27. g3 Re2
28. a3 Rde8 29. Kf1 Bc8 30. Bxd4 Bh3+ 31. Kg1 Nf6 32. Nc3 R2e7 33. Be3 Bg4 34.
Nd2 Bf5 35. d4 Ng4 36. Nf1 h6 37. d5 Bd3 38. Re1 Bxf1 39. Kxf1 Nxh2+ 40. Ke2
Ng4 41. Kf1 Nxe3+ 42. Rxe3 Rxe3 43. fxe3 Rxe3 44. dxc6 Re8 45. Nd5 Kf7 46. b4
Rc8 47. b5 axb5 48. cxb5 Ke6 49. Nb4 Ra8 50. b6 Rxa3 51. b7 Rf3+ 52. Kg2 Rf8
53. c7 1-0

[Event "SR 4. liga A21 2015/2016"]
[Site "?"]
[Date "2016.01.10"]
[Round "6.3"]
[White "Podjavorinsky, Michal"]
[Black "Sefcik, Marek"]
[Result "1-0"]
[WhiteElo "1859"]
[BlackElo "2041"]
[PlyCount "79"]
[EventDate "2015.??.??"]

1. e4 c5 2. Nc3 e6 3. g3 a6 4. Bg2 Nc6 5. d3 b5 6. Be3 Bb7 7. Qd2 d6 8. Nge2
Nf6 9. h3 Be7 10. O-O Qc7 11. f4 Rd8 12. Nd1 d5 13. e5 Ng8 14. Kh2 d4 15. Bg1
g5 16. Nf2 gxf4 17. Qxf4 Bf8 18. Ne4 Bh6 19. Nd6+ Rxd6 20. exd6 Bxf4 21. dxc7
Bxc7 22. Rae1 Nge7 23. Be4 h5 24. h4 e5 25. Rf6 O-O 26. Ref1 Kg7 27. g4 hxg4
28. Ng3 Nd8 29. Bxb7 Nxb7 30. h5 Ng8 31. Rxa6 Nh6 32. Ra7 Rb8 33. Ra6 Nd8 34.
Kg2 Ne6 35. Nf5+ Nxf5 36. Rxf5 Nf4+ 37. Kf1 c4 38. h6+ Kg8 39. Rg5+ Ng6 40. Bh2
{cierny prekrocil cas.} 1-0

[Event "SR 4. liga A21 2015/2016"]
[Site "?"]
[Date "2016.01.10"]
[Round "6.3"]
[White "Horak, Ivan"]
[Black "Miciak, Emanuel"]
[Result "0-1"]
[WhiteElo "2045"]
[BlackElo "1840"]
[PlyCount "104"]
[EventDate "2015.??.??"]

1. e4 e5 2. Nf3 Nc6 3. Bb5 a6 4. Ba4 Nf6 5. d4 Nxe4 6. Qe2 f5 7. dxe5 Bc5 8.
O-O O-O 9. Nbd2 d5 10. exd6 Nxd6 11. c3 Re8 12. Qd3 Be6 13. Bb3 Qf6 14. Bxe6+
Qxe6 15. Nb3 Ne4 16. Be3 Bxe3 17. Qxe3 Rad8 18. Rad1 Rxd1 19. Rxd1 Qf7 20. Qd3
Qe7 21. Qc4+ Kf8 22. Re1 Qf7 23. Qxf7+ Kxf7 24. Nbd4 Nxd4 25. Nxd4 g6 26. f3
Nc5 27. Rxe8 Kxe8 28. b4 Na4 29. Ne2 Kd7 30. Kf2 c5 31. a3 Nb2 32. Kg3 b5 33.
Kf4 Nc4 34. bxc5 Kc6 35. Nd4+ Kxc5 36. Ne6+ Kb6 37. Nf8 Nxa3 38. Nxh7 a5 39.
Ke3 Nc4+ 40. Kd3 a4 41. g4 Ne5+ 42. Kc2 Nxg4 43. Nf8 Ne5 44. Ne6 Kc6 45. Nf4 g5
46. Ng2 Nxf3 47. h3 Kc5 48. Kd3 Ne5+ 49. Kc2 Ng6 50. Ne1 Nf4 51. Nd3+ Nxd3 52.
Kxd3 a3 0-1

[Event "SR 4. liga A21 2015/2016"]
[Site "?"]
[Date "2016.01.10"]
[Round "6.3"]
[White "Smrek, Peter"]
[Black "Chabada, Tomas"]
[Result "0-1"]
[WhiteElo "1818"]
[BlackElo "1947"]
[PlyCount "32"]
[EventDate "2015.??.??"]

1. e4 e5 2. Nf3 Nc6 3. Nc3 Nf6 4. Bc4 Nxe4 5. Bxf7+ Kxf7 6. Nxe4 d5 7. Ng3 Be7
8. d3 Rf8 9. O-O Kg8 10. Re1 Bg4 11. h3 Bxf3 12. gxf3 Nd4 13. Kg2 Nxf3 14. Re3
Nh4+ 15. Kf1 Bc5 16. Re2 Qf6 0-1

[Event "SR 4. liga A21 2015/2016"]
[Site "?"]
[Date "2016.01.10"]
[Round "6.3"]
[White "Husek, Lubomir"]
[Black "Bajcar, Pavol"]
[Result "1-0"]
[WhiteElo "1880"]
[BlackElo "1754"]
[PlyCount "77"]
[EventDate "2015.??.??"]

1. e4 e6 2. Nf3 d5 3. exd5 exd5 4. d4 Nf6 5. Be2 Bd6 6. Nc3 Bf5 7. Bg5 c6 8.
Nh4 Bg6 9. Nxg6 hxg6 10. h3 Nbd7 11. Qd2 O-O 12. O-O Qc7 13. Bf3 Rfe8 14. Rfe1
Rac8 15. Rac1 Qb8 16. a3 Nb6 17. Be2 Re6 18. Bf1 Rce8 19. Rxe6 Rxe6 20. Re1 Qe8
21. Rxe6 Qxe6 22. Bf4 Kf8 23. Bxd6+ Qxd6 24. Qe3 Qe7 25. Bd3 Ne8 26. Kf1 Nd6
27. b3 Qxe3 28. fxe3 f5 29. Kf2 Ne4+ 30. Bxe4 dxe4 31. Ne2 Ke7 32. c4 a6 33. h4
Kf6 34. Nf4 g5 35. hxg5+ Kxg5 36. Ne6+ Kg4 37. Nxg7 f4 38. exf4 Kxf4 39. Ne6+
1-0

[Event "SR 4. liga A21 2015/2016"]
[Site "?"]
[Date "2016.01.10"]
[Round "6.3"]
[White "Podjavorinsky, Peter"]
[Black "Kovarik, Oto"]
[Result "1-0"]
[WhiteElo "1677"]
[BlackElo "1799"]
[PlyCount "46"]
[EventDate "2015.??.??"]

1. e4 c5 2. Nc3 e6 3. Bc4 a6 4. a4 Nc6 5. Nf3 d6 6. d4 Qc7 7. d5 Nd8 8. O-O Be7
9. Ng5 h6 10. Nxf7 Kxf7 11. f4 Nf6 12. dxe6+ Bxe6 13. Bxe6+ Nxe6 14. Nd5 Qc6
15. Nxf6 Bxf6 16. e5 Be7 17. f5 Ng5 18. Qh5+ Kg8 19. f6 Bf8 20. Bxg5 dxe5 21.
fxg7 Bxg7 22. Qf7+ Kh7 23. Rf6 Qe8 1-0

[Event "SR 4. liga A21 2015/2016"]
[Site "?"]
[Date "2016.01.10"]
[Round "6.4"]
[White "Kocak, Branislav"]
[Black "Pericka, Tomas"]
[Result "1/2-1/2"]
[WhiteElo "1919"]
[BlackElo "2016"]
[PlyCount "57"]
[EventDate "2015.??.??"]

1. d4 g6 2. Nf3 Bg7 3. Bf4 c5 4. e3 Nf6 5. Nbd2 Nh5 6. Bg3 Nxg3 7. hxg3 Nc6 8.
c3 d6 9. d5 Ne5 10. Nxe5 Bxe5 11. Nf3 Bf6 12. Bb5+ Kf8 13. Qd2 a6 14. Be2 b5
15. e4 Bg4 16. Nh2 Bxe2 17. Qxe2 Qa5 18. O-O Kg7 19. Ng4 c4 20. Qd2 h5 21. Nxf6
exf6 22. f4 Rae8 23. Rfe1 Qb6+ 24. Qf2 Qc7 25. Re2 Qd7 26. Qf3 Qa7+ 27. Qf2 Qd7
28. Qf3 Qa7+ 29. Qf2 1/2-1/2

[Event "SR 4. liga A21 2015/2016"]
[Site "?"]
[Date "2016.01.10"]
[Round "6.4"]
[White "Sadlon, Juraj"]
[Black "Bilovsky, Milan"]
[Result "0-1"]
[WhiteElo "1851"]
[BlackElo "1901"]
[PlyCount "146"]
[EventDate "2015.??.??"]

1. e4 c5 2. Nf3 e6 3. c3 Nc6 4. Bb5 Nf6 5. Qe2 Be7 6. O-O O-O 7. d3 d6 8. Nbd2
Bd7 9. Re1 a6 10. Ba4 b5 11. Bc2 e5 12. Nf1 h6 13. Ng3 Re8 14. h3 Bf8 15. Nh4
g6 16. Bb3 Na5 17. Bc2 Nc6 18. Bd2 Rb8 19. b4 cxb4 20. cxb4 Nd4 21. Qd1 Nxc2
22. Qxc2 Rc8 23. Qb2 Nxe4 24. Nxe4 Qxh4 25. Bg5 hxg5 26. Nf6+ Kh8 27. Nxd7 Bg7
28. Re4 Qh5 29. Nb6 Rc6 30. Nd5 f5 31. Ree1 g4 32. hxg4 Qxg4 33. Rac1 Rxc1 34.
Qxc1 f4 35. f3 Qd7 36. Qb1 Qa7+ 37. Kf1 Rc8 38. Qb3 Bh6 39. Ke2 Kg7 40. Kd2 Bg5
41. Nc3 Bh4 42. Re2 Qc7 43. Qb2 Qc6 44. Ne4 Qd5 45. Nc3 Qe6 46. Qb3 Qd7 47. Kc2
e4 48. Rxe4 d5 49. Rd4 Bf6 50. Rxd5 Rxc3+ 51. Qxc3 Qxd5 52. Qc7+ Qf7 53. Qxf4
Qxa2+ 54. Kd1 Qxg2 55. Qc7+ Kh6 56. Qf4+ Bg5 57. Qf8+ Kh5 58. Qh8+ Bh6 59. Qe5+
Kh4 60. Qe4+ Kh3 61. Ke1 Qd2+ 62. Kf1 Qf4 63. Qe6+ Qf5 64. Qe2 Bf4 65. Qg2+ Kh4
66. Qf2+ Bg3 67. Qd4+ Bf4 68. Qf2+ Kg5 69. Qg2+ Kf6 70. Qb2+ Be5 71. Qe2 Qf4
72. Ke1 Qc1+ 73. Kf2 Qb2 0-1

[Event "SR 4. liga A21 2015/2016"]
[Site "?"]
[Date "2016.01.10"]
[Round "6.4"]
[White "Brunovsky, Peter"]
[Black "Skapikova, Lubica"]
[Result "1/2-1/2"]
[WhiteElo "1838"]
[BlackElo "1874"]
[PlyCount "95"]
[EventDate "2015.??.??"]

1. c4 e5 2. e4 Nc6 3. g3 d6 4. Bg2 g6 5. Ne2 Bg7 6. O-O Be6 7. d3 Qd7 8. Nbc3
a6 9. Rb1 Nge7 10. f4 Bg4 11. Qb3 O-O 12. a3 Kh8 13. Qc2 Bh3 14. Bd2 Bxg2 15.
Kxg2 f5 16. h3 Nd4 17. Nxd4 exd4 18. Nd5 Nc8 19. Nb4 a5 20. Na2 c5 21. a4 Ne7
22. Rbe1 b6 23. Qd1 d5 24. exd5 Nxd5 25. Kh2 Nf6 26. b3 Rae8 27. Qf3 Rxe1 28.
Rxe1 h6 29. Nc1 Re8 30. Rxe8+ Qxe8 31. Qe2 Qd7 32. Kg2 Nh5 33. Qf3 Qe7 34. Ne2
Nf6 35. Nc1 Ne8 36. Qe2 Qd7 37. Qf3 Nc7 38. Ne2 Kh7 39. Ng1 Bf6 40. Qe2 Ne6 41.
Nf3 Qd6 42. h4 Qc6 43. Kh2 Nf8 44. Kg1 Qe6 45. Qxe6 Nxe6 46. Kg2 Kg7 47. Kh3
Nd8 48. Kg2 1/2-1/2

[Event "SR 4. liga A21 2015/2016"]
[Site "?"]
[Date "2016.01.10"]
[Round "6.4"]
[White "Skapik, Branislav"]
[Black "Kanka, Tomas"]
[Result "0-1"]
[WhiteElo "1876"]
[BlackElo "1688"]
[PlyCount "112"]
[EventDate "2015.??.??"]

1. c4 e5 2. Nc3 Nf6 3. d3 Be7 4. g3 c6 5. Nf3 d6 6. Bg2 O-O 7. O-O Be6 8. Ng5
Bf5 9. e4 Bg6 10. f4 exf4 11. Bxf4 h6 12. Nf3 Qb6+ 13. Kh1 Qxb2 14. Na4 Qa3 15.
Bc1 Qb4 16. Rb1 Qxb1 17. Rf2 Ng4 18. Re2 d5 19. Nd2 Qxd3 20. h3 Ne3 21. Qe1
Nxg2 22. Kxg2 Bb4 23. Re3 Bxe4+ 24. Kh2 Bxd2 25. Bxd2 Qxc4 26. Bb4 Qxa2+ 27.
Re2 Qxa4 28. Bxf8 Kxf8 29. Rf2 Nd7 30. Qc1 Ne5 31. Qf4 Nf3+ 32. Rxf3 Bxf3 33.
Qxa4 Kg8 34. Qb3 Be4 35. Qxb7 Re8 36. Qxc6 Re6 37. Qa8+ Kh7 38. Qxa7 Rf6 39. g4
g5 40. Qd4 Rf1 41. Qa7 Rh1+ 42. Kg3 Rf1 43. Qb6 Rf3+ 44. Kh2 Bg6 45. Qd4 Rd3
46. Qa7 Rd2+ 47. Kg3 d4 48. Kf3 d3 49. Qd7 Rh2 50. Kg3 Rh1 51. Kg2 Be4+ 52. Kf2
Bg6 53. Kg2 Rc1 54. Kf2 Rc2+ 55. Kg3 d2 56. Kf3 Rc3+ 0-1

[Event "SR 4. liga A21 2015/2016"]
[Site "?"]
[Date "2016.01.10"]
[Round "6.4"]
[White "Vlk, Jaroslav"]
[Black "Pericka, Pavol"]
[Result "0-1"]
[WhiteElo "1000"]
[BlackElo "1791"]
[PlyCount "44"]
[EventDate "2015.??.??"]

1. e4 e5 2. Nf3 Nc6 3. Bb5 Nf6 4. Nc3 d6 5. h3 Bd7 6. d3 h6 7. O-O Be7 8. Be3
Nh7 9. Qe2 Ng5 10. Rfd1 f5 11. Nxg5 hxg5 12. f3 f4 13. Bf2 Be6 14. Bxc6+ bxc6
15. b3 Qd7 16. Be1 Kf7 17. Na4 Bxh3 18. gxh3 Rxh3 19. Rd2 Rah8 20. Qg2 g4 21.
Rf2 g3 22. Re2 Qe6 0-1

[Event "SR 4. liga A21 2015/2016"]
[Site "?"]
[Date "2016.01.10"]
[Round "6.5"]
[White "Slaby, Jozef"]
[Black "Bjel, Lubos"]
[Result "1/2-1/2"]
[WhiteElo "1809"]
[BlackElo "1779"]
[PlyCount "108"]
[EventDate "2015.??.??"]

1. Nf3 e6 2. c4 d5 3. g3 dxc4 4. Qa4+ Bd7 5. Qxc4 Bd6 6. Bg2 Ne7 7. b3 b5 8.
Qc2 Nbc6 9. a3 O-O 10. Bb2 a5 11. O-O b4 12. Rc1 bxa3 13. Nxa3 Nb4 14. Qc3 f6
15. e4 c5 16. Nc4 Bb5 17. Nxd6 Qxd6 18. Qxc5 Qxc5 19. Rxc5 Bd3 20. Rcxa5 Rab8
21. Nd4 e5 22. Ne6 Rfe8 23. Nc7 Rec8 24. Ra8 Rxa8 25. Rxa8 Rxa8 26. Nxa8 Bc2
27. Ba3 Nec6 28. Nb6 Bxb3 29. f4 Kf7 30. Nd7 Ke7 31. Nc5 Bc4 32. Bf1 Kd6 33.
Nb7+ Kc7 34. Bxc4 Kxb7 35. Kf2 Kb6 36. Bf7 Kc5 37. Ke3 Nd4 38. Bxb4+ Kxb4 39.
fxe5 fxe5 40. g4 Kc5 41. g5 Kd6 42. Bg8 h6 43. gxh6 gxh6 44. d3 Ke7 45. Kf2 Kf6
46. Kg3 Ne2+ 47. Kg4 Nf4 48. d4 h5+ 49. Kf3 Nd3 50. d5 Nc5 51. Bh7 Kg5 52. Bf5
Nb7 53. h3 Nd6 54. Bd7 h4 1/2-1/2

[Event "SR 4. liga A21 2015/2016"]
[Site "?"]
[Date "2016.01.10"]
[Round "6.5"]
[White "Orvisky, Vladimir"]
[Black "Vagovic, Milan"]
[Result "0-1"]
[WhiteElo "1771"]
[BlackElo "1607"]
[PlyCount "124"]
[EventDate "2015.??.??"]

1. c4 c5 2. Nf3 Nc6 3. g3 Nf6 4. Bg2 e6 5. d4 cxd4 6. Nxd4 Qb6 7. Nb3 Be7 8.
O-O O-O 9. Be3 Qc7 10. Nc3 a6 11. Rc1 Ng4 12. Bd2 d6 13. Nd5 Qd8 14. Nxe7+ Qxe7
15. h3 Nf6 16. Be3 Nd7 17. Nd4 Nd8 18. Nb3 Re8 19. Qd2 Rb8 20. Rfd1 Nc5 21.
Qxd6 Qxd6 22. Rxd6 Nxb3 23. axb3 e5 24. Rcd1 Be6 25. Bb6 Nc6 26. Bxc6 bxc6 27.
Rxc6 g6 28. Bc7 Rbc8 29. Rdd6 Bxh3 30. Bb6 Bf5 31. Rxc8 Rxc8 32. Rd8+ Rxd8 33.
Bxd8 Kf8 34. Bf6 e4 35. Kf1 Ke8 36. Ke1 Kd7 37. Kd2 h5 38. Kc3 Ke6 39. Kb4 Kxf6
40. Ka5 Bc8 41. Kb6 g5 42. Kc7 Bg4 43. b4 Bxe2 44. c5 h4 45. gxh4 gxh4 46. Kb6
Ke7 47. c6 h3 48. c7 Bg4 49. Kxa6 Bc8+ 50. Ka7 h2 51. Kb8 Kd7 52. Ka7 h1=Q 53.
Kb6 Qh6+ 54. Kc5 Kxc7 55. b5 Qb6+ 56. Kc4 Be6+ 57. Kb4 Bd7 58. f3 e3 59. f4 e2
60. Ka3 e1=Q 61. f5 Qxb5 62. f6 Qea5# 0-1

[Event "SR 4. liga A21 2015/2016"]
[Site "?"]
[Date "2016.01.10"]
[Round "6.5"]
[White "Slaba, Andrea"]
[Black "Bjel, Jan"]
[Result "1/2-1/2"]
[WhiteElo "1641"]
[BlackElo "1826"]
[PlyCount "57"]
[EventDate "2015.??.??"]

1. Nf3 Nc6 2. d4 e6 3. c4 d5 4. Nc3 Nf6 5. e3 Be7 6. Bd3 O-O 7. O-O Nb4 8. Be2
c5 9. a3 Nc6 10. dxc5 Bxc5 11. b4 Bb6 12. Na4 Bc7 13. Bb2 dxc4 14. Bxc4 Qe7 15.
Qb3 a6 16. Nc3 Ne5 17. Be2 Qd6 18. g3 Qe7 19. Na4 Ng6 20. Rac1 e5 21. Qc2 Bd8
22. Qc5 Qxc5 23. Nxc5 b6 24. Nb3 Be6 25. Bc4 Bh3 26. Rfe1 Re8 27. Bxf7+ Kxf7
28. Ng5+ Kg8 29. Nxh3 1/2-1/2

[Event "SR 4. liga A21 2015/2016"]
[Site "?"]
[Date "2016.01.10"]
[Round "6.5"]
[White "Krchnak, Rudolf"]
[Black "Pripko, Bystrik"]
[Result "1/2-1/2"]
[WhiteElo "1745"]
[BlackElo "1674"]
[PlyCount "84"]
[EventDate "2015.??.??"]

1. d4 d5 2. Nc3 Nf6 3. Bg5 c6 4. Bxf6 exf6 5. e3 Bd6 6. Bd3 f5 7. Qf3 g6 8.
Nge2 Nd7 9. Ng3 Nf6 10. O-O O-O 11. Qd1 Ng4 12. Be2 h5 13. Bxg4 hxg4 14. f4 Kg7
15. Kf2 Rh8 16. Rh1 Qe7 17. a3 Bd7 18. Qd2 Rh7 19. Rae1 Rah8 20. Kg1 Qd8 21.
Nce2 Be6 22. Nc1 Rh6 23. Nd3 f6 24. c3 R8h7 25. Qc2 Qh8 26. Nf1 Qb8 27. g3 b6
28. b4 b5 29. a4 a6 30. a5 Kf7 31. Nd2 Qh8 32. Nb3 Rh3 33. Qg2 Qa8 34. Nbc5
Bxc5 35. Nxc5 Qc8 36. Nd3 Rh8 37. Re2 Qa8 38. Kf1 Qd8 39. Ke1 Qa8 40. Kd2 Qd8
41. Ree1 R8h7 42. Nf2 R3h5 1/2-1/2

[Event "SR 4. liga A21 2015/2016"]
[Site "?"]
[Date "2016.01.10"]
[Round "6.5"]
[White "Piestansky, Jan"]
[Black "Varga, Adam"]
[Result "1/2-1/2"]
[WhiteElo "1694"]
[BlackElo "1315"]
[PlyCount "101"]
[EventDate "2015.??.??"]

1. e4 e5 2. Nf3 Nc6 3. Bc4 Bc5 4. h3 Nf6 5. d3 d6 6. c3 O-O 7. O-O Bd7 8. Bb3
h6 9. Be3 Bb6 10. Bxb6 axb6 11. Nbd2 Re8 12. Nh2 Be6 13. f4 Bxb3 14. Nxb3 Qd7
15. f5 Rf8 16. Ng4 Qe7 17. Qf3 Kh7 18. a3 Nxg4 19. Qxg4 g6 20. Rad1 g5 21. Nd2
f6 22. Nc4 Rad8 23. Ne3 Qf7 24. Nd5 Rd7 25. Rd2 Ne7 26. Ne3 d5 27. exd5 Nxd5
28. Nxd5 Rxd5 29. Qe4 Rfd8 30. Rfd1 c6 31. Kf2 Kg7 32. g4 Qc7 33. Kf3 b5 34.
Qe3 c5 35. Qe4 Qc6 36. Kg3 Qc7 37. Kf3 c4 38. Ke2 Qd7 39. Qe3 Qc6 40. Qe4 cxd3+
41. Rxd3 Rxd3 42. Qxc6 bxc6 43. Rxd3 Rxd3 44. Kxd3 Kf7 45. c4 Ke7 46. cxb5 cxb5
47. Ke4 Kd6 48. b3 Kc5 49. Kd3 Kd5 50. Ke3 Kd6 51. Ke4 1/2-1/2

[Event "SR 4. liga A21 2015/2016"]
[Site "?"]
[Date "2016.01.10"]
[Round "6.6"]
[White "Curidlo, Jan"]
[Black "Hrubsa, Marian"]
[Result "1/2-1/2"]
[WhiteElo "1878"]
[BlackElo "1811"]
[PlyCount "81"]
[EventDate "2015.??.??"]

1. e4 e6 2. d4 d5 3. Nd2 Nf6 4. e5 Nfd7 5. Bd3 c5 6. c3 Nc6 7. Ne2 cxd4 8. cxd4
f6 9. exf6 Nxf6 10. O-O Bd6 11. h3 O-O 12. a3 Bd7 13. b4 a6 14. Nb3 b6 15. Be3
Qe8 16. Rc1 Qh5 17. Qe1 Qe8 18. Kh1 Ne7 19. f3 Bc6 20. Bf4 Qb8 21. Qh4 Be8 22.
Bxd6 Qxd6 23. Rfe1 Ng6 24. Qg5 a5 25. Qd2 axb4 26. axb4 Ra4 27. Bxg6 Bxg6 28.
b5 Qb4 29. Qe3 Bf7 30. Nd2 Ra3 31. Rc3 Rxc3 32. Nxc3 Rc8 33. Ndb1 Rc4 34. Rd1
Ne8 35. Qe5 h6 36. Qe3 Nd6 37. Na2 Qxb5 38. Nbc3 Qc6 39. Rb1 Nf5 40. Qf4 Rxd4
41. Qb8+ 1/2-1/2

[Event "SR 4. liga A21 2015/2016"]
[Site "?"]
[Date "2016.01.10"]
[Round "6.6"]
[White "Planka, Peter"]
[Black "Bardik, Jozef"]
[Result "1/2-1/2"]
[WhiteElo "1739"]
[BlackElo "1874"]
[PlyCount "85"]
[EventDate "2015.??.??"]

1. e4 c6 2. d4 d5 3. Nc3 dxe4 4. Nxe4 Bf5 5. Ng3 Bg6 6. Nf3 Nd7 7. Bd3 Bxd3 8.
Qxd3 e6 9. O-O Ngf6 10. c4 Bd6 11. b3 h6 12. Re1 O-O 13. Bb2 Rc8 14. a4 a5 15.
Rad1 Bxg3 16. hxg3 Qc7 17. Ne5 Rcd8 18. Qf3 Nh7 19. Ba3 Nxe5 20. dxe5 Rxd1 21.
Rxd1 Rd8 22. Rxd8+ Qxd8 23. Bd6 Ng5 24. Qe3 f5 25. f3 Nf7 26. c5 g5 27. Qd4 h5
28. b4 axb4 29. Qxb4 Qc8 30. Kf2 Kh7 31. Qc4 Kg6 32. g4 hxg4 33. fxg4 Nh6 34.
gxf5+ Nxf5 35. Qd3 Kg7 36. Qb3 Qd7 37. Qf3 Qf7 38. g3 Nh6 39. Qxf7+ Kxf7 40.
Kf3 Kg6 41. g4 Kf7 42. Kg3 Ke8 43. Kf3 1/2-1/2

[Event "SR 4. liga A21 2015/2016"]
[Site "?"]
[Date "2016.01.10"]
[Round "6.6"]
[White "Nedorost, Lubomir"]
[Black "Zlamal, Marek"]
[Result "1-0"]
[WhiteElo "1740"]
[BlackElo "1730"]
[PlyCount "105"]
[EventDate "2015.??.??"]

1. e4 e5 2. Nc3 Nf6 3. Bc4 d6 4. f4 exf4 5. Nf3 h6 6. d4 g5 7. e5 dxe5 8. Nxe5
Be6 9. Bxe6 fxe6 10. h4 Bg7 11. hxg5 hxg5 12. Rxh8+ Bxh8 13. Qd3 Ke7 14. Bd2
Nbd7 15. Ng6+ Kf7 16. O-O-O Qg8 17. Nxh8+ Qxh8 18. d5 exd5 19. Nxd5 c6 20. Nxf6
Nxf6 21. Bc3 Qh7 22. Qc4+ Nd5 23. Qb3 Kg6 24. Bd4 Qf7 25. Rh1 Ne3 26. Rh6+ Kxh6
27. Qxf7 Nxg2 28. Qxb7 Rd8 29. Qxc6+ Kh5 30. c3 Nh4 31. Qf6 Rg8 32. Qf7+ Rg6
33. Bf2 Ng2 34. Bxa7 g4 35. Qd5+ Kh4 36. Qxg2 g3 37. b4 Rf6 38. Bb8 f3 39.
Qxg3+ Kh5 40. Bf4 Rf5 41. Qxf3+ Kg6 42. Qe4 Kf6 43. a4 Rh5 44. Qd4+ Kg6 45. a5
Kh7 46. a6 Rf5 47. Qe4 Kg6 48. a7 Kf6 49. a8=Q Kg7 50. Be5+ Kh6 51. Qh8+ Kg5
52. Qg7+ Kh5 53. Qxf5+ 1-0

[Event "SR 4. liga A21 2015/2016"]
[Site "?"]
[Date "2016.01.10"]
[Round "6.6"]
[White "Danihel, Jozef"]
[Black "Oravec, Pavol"]
[Result "1-0"]
[WhiteElo "1529"]
[BlackElo "1597"]
[PlyCount "120"]
[EventDate "2015.??.??"]

1. d4 f5 2. Nf3 Nf6 3. c4 e6 4. a3 d5 5. e3 c6 6. Nc3 Bd6 7. Bd3 Nbd7 8. b4 Ne4
9. Bb2 Nxc3 10. Bxc3 Nf6 11. Qc2 Bd7 12. Ne5 O-O 13. f3 Be8 14. O-O Rc8 15. Be1
Qc7 16. Qb2 Bg6 17. Rc1 Qb8 18. Bg3 Be8 19. c5 Bc7 20. Bb1 Nh5 21. Bh4 Bd8 22.
Bf2 Bc7 23. f4 Nf6 24. Bh4 Bd8 25. Qf2 Ne4 26. Bxe4 Bxh4 27. Qxh4 fxe4 28. g4
Qc7 29. Rf2 Qd8 30. Qg3 Bd7 31. Rcf1 Qe7 32. h4 Rf6 33. g5 Rf5 34. h5 Be8 35.
Rh2 Rc7 36. Rff2 Qd8 37. Rfg2 Qe7 38. Ng4 Kh8 39. h6 g6 40. Nf6 Bf7 41. Rb2 a6
42. a4 Be8 43. Rb3 Rc8 44. Rhb2 Ra8 45. Nxe8 Qxe8 46. b5 axb5 47. axb5 Rf7 48.
Qe1 Qc8 49. bxc6 bxc6 50. Qb1 Rf8 51. Rb7 Rg8 52. Rf7 e5 53. f5 gxf5 54. Rbb7
Rxg5+ 55. Kf2 Qg8 56. Rxh7+ Qxh7 57. Rxh7+ Kxh7 58. Qb7+ Kxh6 59. Qxa8 Rg6 60.
Qf8+ Kh5 1-0